Sosyolojik ve hukuksal boyutlarıyla töre ve namus cinayetleri uluslararası sempozyumu (Record no. 4641)
[ view plain ]
| 000 -BAŞLIK | |
|---|---|
| Sabit Uzunlukta Kontrol Alanı | 01014na a2200229 4500 |
| 001 - KONTROL NUMARASI | |
| Denetim Alanı | 19581 |
| 003 - KONTROL NUMARASI IDENTIFIER | |
| Denetim Alanı | MIRAKIL |
| 005 - SON İŞLEM TARİHİ VE ZAMANI | |
| Denetim Alanı | 20181213155013.0 |
| 008 - SABİT-BOY VERİ ELEMANLARI - GENEL BİLGİLER | |
| Sabit Uzunlukta Kontrol Alanı | 161219b tu 000 0 |
| 040 ## - KATALOGLAMA KAYNAK | |
| Orijinal Kataloglama Ajansı | Milas |
| Kataloglama Dili | tur |
| Metne Dönüştürmek Ajansı | TR-AnCHP |
| 041 ## - DİL KODU | |
| Metin / Ses Parça Veya Ayrı Başlığın Dil Kodu | tur |
| 082 ## - DEWEY ONLU SINIFLANDIRMA NUMARASI | |
| Sınıflandırma Numarası | 364.256 |
| Ürün Numarası | S67 2003 |
| 090 ## - SINIFLAMA NUMARASI | |
| Sınıflama Numarası | 364.256 S67 2003 |
| 111 ## - ANA GİRİŞ - TOPLANTI ADI | |
| Giriş Elemanı Olarak Toplantı Adı Veya Yargı Alanı Adı | Sosyolojik ve Hukuksal Boyutlarıyla Töre ve Namus Cinayetleri Uluslararası Sempozyumu |
| Toplantının Yeri | Diyarbakır |
| Toplantı Veya Antlaşma İmzalandığı Tarihi | 26-27 Eylül 2003 |
| 245 ## - BAŞLIK TABLOSU | |
| Başlık | Sosyolojik ve hukuksal boyutlarıyla töre ve namus cinayetleri uluslararası sempozyumu |
| Başlığın Kalan | = International symposium on issue of custom and honour killing: viewpoint of sociology and law |
| Sorumluluk Tablosu, Vb | Akademik Araştırma ve Dayanışma Derneği |
| 260 ## - YAYIN, DAĞITIM, VB | |
| Yayın, Dağıtım, Vb Yeri | Diyarbakır |
| Yayıncı, Dağıtıcı, Vs Adı | Akademik Araştırma ve Dayanışma Derneği |
| Yayın, Dağıtım, Vb Tarihi | 2003 |
| 300 ## - FİZİKSEL TANIM | |
| Kapsam | 282 s. |
| Boyutlar | 23 sm. |
| 650 ## - KONU KATMA GİRİŞ - TOPİKAL DÖNEM | |
| Topikal Süreli Veya Coğrafi Ad Giriş Elemanı | Töre cinayetleri |
| Genel Alt Bölümü | Toplantılar |
| -- | Hukuksal açıdan |
| 650 ## - KONU KATMA GİRİŞ - TOPİKAL DÖNEM | |
| Topikal Süreli Veya Coğrafi Ad Giriş Elemanı | Namus cinayetleri |
| Genel Alt Bölümü | Sosyolojik yönler |
| -- | Toplantılar |
| 710 ## - KATMA GİRİŞ - KURUMSAL ADI | |
| Giriş Elemanı Olarak Kurumsal Ad Veya Yargı Alanı Adı | Akademik Araştırma ve Dayanışma Derneği |
| 942 ## - EKLENDİ GİRİŞ ELEMANLARI (KOHA) | |
| Sınıflandırma Veya Raf Düzeni Kaynak | Dewey Decimal Classification |
| Koha Öğesi Türü | Books |
| 999 ## - SİSTEM KONTROL NUMARALARI (KOHA) | |
| Koha Biblionumber | 4641 |
| Koha Biblioitemnumber | 4641 |
| Kalıcı Konum | Mevcut Konum | Edinme Tarihi | Edinim Kaynak | Toplam Check-Out'Lar | Tam Çağrı Numarası | Barkod | Tarih Son Görülme | İtibaren Geçerli Fiyatlar | Koha Öğesi Türü |
|---|---|---|---|---|---|---|---|---|---|
| CHP Kütüphanesi | CHP Kütüphanesi | 12/19/2016 | Bağış | 364.256 S67 2003 | 010759 | 12/19/2016 | 12/19/2016 | Books |
